[Event "DEM U14 2020"]
[Site "Willingen GER"]
[Date "2020.10.23"]
[Round "6"]
[White "Meuer, David"]
[Black "Niemann, Leon"]
[Result "1/2-1/2"]
[Termination "normal"]
[Board "18"]
[WhiteElo "1632"]
[BlackElo "1880"]
[WhiteClock "00:03:40"]
[BlackClock "00:00:45"]
[PlyCount "152"]
[WhiteFideId "16262964"]
[BlackFideId "16218388"]
[EventCountry "GER"]
[EventRounds "7"]
[EventType "swiss"]
[EventDate "2020.10.19"]

1. e4 {[%clk 1:30:58]} c5 {[%clk 1:30:56]} 2. c3 {[%clk 1:31:21]} Nf6 {[%clk
1:31:21]} 3. e5 {[%clk 1:31:41]} Nd5 {[%clk 1:31:47]} 4. d4 {[%clk 1:32:03]}
cxd4 {[%clk 1:32:08]} 5. cxd4 {[%clk 1:32:28]} Nc6 {[%clk 1:32:31]} 6. Nf3
{[%clk 1:32:51]} g6 {[%clk 1:32:23]} 7. Bc4 {[%clk 1:32:14]} Nb6 {[%clk
1:32:46]} 8. Bb3 {[%clk 1:29:55]} Bg7 {[%clk 1:29:02]} 9. O-O {[%clk 1:27:10]}
O-O {[%clk 1:28:51]} 10. Nc3 {[%clk 1:25:39]} d6 {[%clk 1:25:54]} 11. Bf4
{[%clk 1:06:24]} Bg4 {[%clk 1:21:12]} 12. Re1 {[%clk 0:54:14]} Bxf3 {[%clk
1:10:31]} 13. Qxf3 {[%clk 0:52:43]} Nxd4 {[%clk 1:00:47]} 14. Qxb7 {[%clk
0:51:59]} Rb8 {[%clk 0:45:55]} 15. Qe4 {[%clk 0:49:38]} Nxb3 {[%clk 0:38:13]}
16. axb3 {[%clk 0:49:55]} dxe5 {[%clk 0:38:01]} 17. Bxe5 {[%clk 0:50:11]} Bxe5
{[%clk 0:36:35]} 18. Qxe5 {[%clk 0:50:26]} Rb7 {[%clk 0:36:52]} 19. h4 {[%clk
0:41:43]} Qb8 {[%clk 0:33:25]} 20. Qg5 {[%clk 0:36:33]} Nc8 {[%clk 0:22:40]}
21. h5 {[%clk 0:26:43]} Rxb3 {[%clk 0:22:54]} 22. Nd5 {[%clk 0:26:20]} Rxb2
{[%clk 0:16:45]} 23. Rxe7 {[%clk 0:23:20]} Rxf2 {[%clk 0:15:07]} 24. Kxf2
{[%clk 0:18:05]} Qb2+ {[%clk 0:15:29]} 25. Kg3 {[%clk 0:16:19]} Qxa1 {[%clk
0:12:36]} 26. Nf6+ {[%clk 0:10:52]} Kg7 {[%clk 0:08:29]} 27. Ne8+ {[%clk
0:08:30]} Kg8 {[%clk 0:00:48]} 28. Nf6+ {[%clk 0:08:06]} Kg7 {[%clk 0:01:13]}
29. Ne8+ {[%clk 0:08:31]} Kh8 {[%clk 0:01:39]} 30. Qh6 {[%clk 0:06:05]} Nxe7
{[%clk 0:02:07]} 31. Qxf8+ {[%clk 0:06:04]} Ng8 {[%clk 0:02:36]} 32. Qxf7
{[%clk 0:05:53]} Qe5+ {[%clk 0:01:27]} 33. Kh3 {[%clk 0:05:35]} Qf5+ {[%clk
0:00:51]} 34. Qxf5 {[%clk 0:05:49]} gxf5 {[%clk 0:01:20]} 35. Nd6 {[%clk
0:04:42]} a5 {[%clk 0:00:56]} 36. Nxf5 {[%clk 0:04:32]} a4 {[%clk 0:01:21]} 37.
Ne3 {[%clk 0:04:40]} a3 {[%clk 0:01:35]} 38. Nc2 {[%clk 0:04:56]} a2 {[%clk
0:02:04]} 39. Kg3 {[%clk 0:04:23]} Nf6 {[%clk 0:00:54]} 40. Kh4 {[%clk
0:02:59]} Kg7 {[%clk 0:00:58]} 41. g4 {[%clk 0:02:44]} Nd5 {[%clk 0:27:25]} 42.
g5 {[%clk 0:31:34]} Kf8 {[%clk 0:27:44]} 43. Kg3 {[%clk 0:28:27]} Ke7 {[%clk
0:25:56]} 44. Kf3 {[%clk 0:28:03]} Kd6 {[%clk 0:24:35]} 45. Ke4 {[%clk
0:27:37]} Ne7 {[%clk 0:06:43]} 46. Kd4 {[%clk 0:23:25]} Ke6 {[%clk 0:05:20]}
47. g6 {[%clk 0:18:52]} Nxg6 {[%clk 0:02:41]} 48. Kc3 {[%clk 0:15:33]} Nf4
{[%clk 0:02:17]} 49. Kb2 {[%clk 0:15:46]} Nxh5 {[%clk 0:02:40]} 50. Kxa2 {[%clk
0:15:57]} Nf4 {[%clk 0:02:30]} 51. Kb1 {[%clk 0:14:23]} h5 {[%clk 0:00:46]} 52.
Nd4+ {[%clk 0:14:00]} Kd5 {[%clk 0:01:09]} 53. Nf3 {[%clk 0:13:28]} Ng2 {[%clk
0:01:00]} 54. Kc1 {[%clk 0:13:11]} Ke4 {[%clk 0:01:27]} 55. Ng5+ {[%clk
0:11:41]} Kf4 {[%clk 0:00:47]} 56. Nh3+ {[%clk 0:10:57]} Kg3 {[%clk 0:00:41]}
57. Ng5 {[%clk 0:10:51]} h4 {[%clk 0:01:05]} 58. Kd2 {[%clk 0:10:41]} Kf4
{[%clk 0:00:41]} 59. Nh3+ {[%clk 0:10:33]} Kg4 {[%clk 0:00:42]} 60. Ng1 {[%clk
0:09:38]} Kg3 {[%clk 0:00:34]} 61. Ke2 {[%clk 0:08:27]} Nf4+ {[%clk 0:00:55]}
62. Kf1 {[%clk 0:07:25]} Nd3 {[%clk 0:00:56]} 63. Ne2+ {[%clk 0:05:28]} Kh2
{[%clk 0:00:36]} 64. Ng1 {[%clk 0:05:33]} Ne5 {[%clk 0:00:32]} 65. Kf2 {[%clk
0:04:07]} Nd3+ {[%clk 0:00:35]} 66. Kf1 {[%clk 0:04:23]} Kg3 {[%clk 0:00:51]}
67. Ne2+ {[%clk 0:04:31]} Kg4 {[%clk 0:01:00]} 68. Ng1 {[%clk 0:04:16]} Ne5
{[%clk 0:00:33]} 69. Kf2 {[%clk 0:04:07]} Nc4 {[%clk 0:00:35]} 70. Kg2 {[%clk
0:03:55]} Nd6 {[%clk 0:00:58]} 71. Kf2 {[%clk 0:04:04]} Nf5 {[%clk 0:00:57]}
72. Kg2 {[%clk 0:03:54]} Ne7 {[%clk 0:01:04]} 73. Kf2 {[%clk 0:04:13]} Ng6
{[%clk 0:01:26]} 74. Kg2 {[%clk 0:03:15]} Kf4 {[%clk 0:01:50]} 75. Nf3 {[%clk
0:03:23]} Ke3 {[%clk 0:00:45]} 76. Nxh4 {[%clk 0:03:40]} Nxh4+ 1/2-1/2

[Event "DEM U14 2020"]
[Site "Willingen GER"]
[Date "2020.10.23"]
[Round "6"]
[White "Wiedersich, Hendryk"]
[Black "Raasch, Hauke"]
[Result "0-1"]
[Termination "normal"]
[Board "21"]
[WhiteElo "1570"]
[BlackElo "1676"]
[WhiteClock "00:38:21"]
[BlackClock "00:23:34"]
[PlyCount "74"]
[WhiteFideId "16255399"]
[BlackFideId "16210034"]
[EventCountry "GER"]
[EventRounds "7"]
[EventType "swiss"]
[EventDate "2020.10.19"]

1. d4 {[%clk 1:30:58]} d5 {[%clk 1:30:48]} 2. Nc3 {[%clk 1:31:18]} c6 {[%clk
1:31:09]} 3. e4 {[%clk 1:31:20]} dxe4 {[%clk 1:31:32]} 4. Nxe4 {[%clk 1:31:39]}
Bf5 {[%clk 1:31:55]} 5. Ng3 {[%clk 1:31:43]} Bg6 {[%clk 1:32:20]} 6. Nf3 {[%clk
1:30:41]} Nd7 {[%clk 1:32:46]} 7. Bd3 {[%clk 1:30:54]} Bxd3 {[%clk 1:32:06]} 8.
Qxd3 {[%clk 1:31:16]} e6 {[%clk 1:31:57]} 9. c3 {[%clk 1:31:17]} Ngf6 {[%clk
1:30:43]} 10. Bg5 {[%clk 1:30:51]} Be7 {[%clk 1:30:32]} 11. O-O-O {[%clk
1:30:56]} Qc7 {[%clk 1:21:25]} 12. Bxf6 {[%clk 1:20:29]} Nxf6 {[%clk 1:19:54]}
13. Ne5 {[%clk 1:18:17]} Nd7 {[%clk 1:16:38]} 14. Rhe1 {[%clk 1:14:18]} O-O-O
{[%clk 1:10:19]} 15. Qe4 {[%clk 1:06:08]} Nxe5 {[%clk 1:09:15]} 16. Qxe5 {[%clk
1:05:05]} Qxe5 {[%clk 1:08:46]} 17. dxe5 {[%clk 1:05:13]} Rxd1+ {[%clk
1:07:10]} 18. Kxd1 {[%clk 1:02:43]} Rd8+ {[%clk 1:07:13]} 19. Kc2 {[%clk
1:03:00]} Rd5 {[%clk 1:04:58]} 20. f4 {[%clk 1:02:34]} c5 {[%clk 0:45:25]} 21.
Re3 {[%clk 0:52:46]} c4 {[%clk 0:43:01]} 22. Ne2 {[%clk 0:51:48]} Bc5 {[%clk
0:40:48]} 23. Re4 {[%clk 0:48:56]} b5 {[%clk 0:39:45]} 24. a4 {[%clk 0:48:20]}
a6 {[%clk 0:38:51]} 25. axb5 {[%clk 0:46:39]} axb5 {[%clk 0:39:12]} 26. Nd4
{[%clk 0:46:38]} Bxd4 {[%clk 0:35:03]} 27. Rxd4 {[%clk 0:45:30]} Rxd4 {[%clk
0:23:52]} 28. cxd4 {[%clk 0:45:51]} b4 {[%clk 0:24:18]} 29. Kd2 {[%clk
0:46:11]} Kd7 {[%clk 0:24:40]} 30. Ke3 {[%clk 0:46:06]} Kc6 {[%clk 0:25:04]}
31. Ke4 {[%clk 0:46:25]} b3 {[%clk 0:25:19]} 32. d5+ {[%clk 0:46:11]} exd5+
{[%clk 0:23:59]} 33. Kd4 {[%clk 0:46:33]} h5 {[%clk 0:22:10]} 34. g3 {[%clk
0:37:40]} Kd7 {[%clk 0:22:18]} 35. h3 {[%clk 0:37:33]} Ke6 {[%clk 0:22:41]} 36.
g4 {[%clk 0:37:55]} hxg4 {[%clk 0:23:07]} 37. hxg4 {[%clk 0:38:21]} g6 {[%clk
0:23:34]} 0-1

[Event "DEM U14 2020"]
[Site "Willingen GER"]
[Date "2020.10.24"]
[Round "7"]
[White "Bakiev, Diyor"]
[Black "Hagner, Bennet"]
[Result "1/2-1/2"]
[Termination "normal"]
[Board "2"]
[WhiteElo "2070"]
[BlackElo "2080"]
[WhiteClock "00:32:58"]
[BlackClock "00:32:25"]
[PlyCount "53"]
[WhiteFideId "16241584"]
[BlackFideId "16224477"]
[EventCountry "GER"]
[EventRounds "7"]
[EventType "swiss"]
[EventDate "2020.10.19"]

1. b3 {[%clk 1:30:27]} d5 {[%clk 1:30:05]} 2. Bb2 {[%clk 1:30:51]} Nf6 {[%clk
1:30:19]} 3. e3 {[%clk 1:31:16]} g6 {[%clk 1:29:46]} 4. Bxf6 {[%clk 1:30:52]}
exf6 {[%clk 1:30:13]} 5. c4 {[%clk 1:30:36]} Bg7 {[%clk 1:23:06]} 6. cxd5
{[%clk 1:29:47]} Qxd5 {[%clk 1:23:02]} 7. Nc3 {[%clk 1:30:13]} Qa5 {[%clk
1:18:03]} 8. Rc1 {[%clk 1:27:49]} c6 {[%clk 1:16:51]} 9. Nf3 {[%clk 1:27:06]}
O-O {[%clk 1:16:39]} 10. Be2 {[%clk 1:26:18]} f5 {[%clk 1:15:36]} 11. d4 {[%clk
1:16:29]} Nd7 {[%clk 1:10:49]} 12. O-O {[%clk 1:14:28]} Nf6 {[%clk 1:10:16]}
13. Nd2 {[%clk 1:11:14]} Be6 {[%clk 1:07:45]} 14. Nc4 {[%clk 1:08:28]} Qc7
{[%clk 1:06:23]} 15. Bf3 {[%clk 1:06:17]} Rad8 {[%clk 1:05:32]} 16. Qe2 {[%clk
1:03:36]} Rfe8 {[%clk 1:03:20]} 17. Rfd1 {[%clk 0:59:31]} Ne4 {[%clk 0:58:48]}
18. Bxe4 {[%clk 0:49:16]} fxe4 {[%clk 0:59:09]} 19. Nd2 {[%clk 0:48:40]} f5
{[%clk 0:54:19]} 20. Na4 {[%clk 0:45:49]} Bd5 {[%clk 0:52:42]} 21. g3 {[%clk
0:44:08]} g5 {[%clk 0:49:51]} 22. Nb1 {[%clk 0:37:23]} f4 {[%clk 0:46:40]} 23.
Nbc3 {[%clk 0:35:52]} f3 {[%clk 0:45:20]} 24. Qf1 {[%clk 0:35:33]} Bf7 {[%clk
0:42:58]} 25. Nc5 {[%clk 0:32:47]} Bg6 {[%clk 0:37:53]} 26. Qc4+ {[%clk
0:32:54]} Bf7 {[%clk 0:32:25]} 27. Qf1 {[%clk 0:32:58]} 1/2-1/2

[Event "DEM U14 2020"]
[Site "Willingen GER"]
[Date "2020.10.24"]
[Round "7"]
[White "Eilenberg, Jonas"]
[Black "Tham, Nam"]
[Result "0-1"]
[Termination "normal"]
[Board "4"]
[WhiteElo "2242"]
[BlackElo "1890"]
[WhiteClock "01:10:09"]
[BlackClock "01:12:28"]
[PlyCount "46"]
[WhiteFideId "16204271"]
[BlackFideId "12997331"]
[EventCountry "GER"]
[EventRounds "7"]
[EventType "swiss"]
[EventDate "2020.10.19"]

1. d4 d5 {[%clk 1:30:48]} 2. c4 {[%clk 1:31:22]} e6 {[%clk 1:31:15]} 3. Nf3
{[%clk 1:31:47]} c6 {[%clk 1:31:41]} 4. Nbd2 {[%clk 1:32:11]} f5 {[%clk
1:31:10]} 5. g3 {[%clk 1:32:28]} Nf6 {[%clk 1:31:31]} 6. Bg2 {[%clk 1:32:53]}
Bd6 {[%clk 1:31:56]} 7. O-O {[%clk 1:32:33]} O-O {[%clk 1:32:19]} 8. Rb1 {[%clk
1:31:44]} Ne4 {[%clk 1:32:14]} 9. Qc2 {[%clk 1:31:45]} Nd7 {[%clk 1:31:55]} 10.
b4 {[%clk 1:31:44]} Qe7 {[%clk 1:28:46]} 11. b5 {[%clk 1:30:40]} cxb5 {[%clk
1:28:44]} 12. cxd5 {[%clk 1:30:34]} exd5 {[%clk 1:29:08]} 13. Rxb5 {[%clk
1:28:47]} Nb6 {[%clk 1:28:54]} 14. Rb1 {[%clk 1:24:48]} Be6 {[%clk 1:28:16]}
15. Bb2 {[%clk 1:21:40]} Rac8 {[%clk 1:28:10]} 16. Qd3 {[%clk 1:19:18]} Nc4
{[%clk 1:25:58]} 17. Nxc4 {[%clk 1:17:37]} dxc4 {[%clk 1:24:53]} 18. Qc2 {[%clk
1:18:01]} b5 {[%clk 1:24:39]} 19. Ne5 {[%clk 1:17:18]} b4 {[%clk 1:21:20]} 20.
Bxe4 {[%clk 1:11:52]} fxe4 {[%clk 1:20:17]} 21. f4 {[%clk 1:10:17]} exf3 {[%clk
1:13:14]} 22. exf3 {[%clk 1:10:01]} Bxe5 {[%clk 1:12:17]} 23. dxe5 {[%clk
1:10:09]} Bf5 {[%clk 1:12:28]} 0-1

[Event "DEM U14 2020"]
[Site "Willingen GER"]
[Date "2020.10.24"]
[Round "7"]
[White "Rempe, Jonas"]
[Black "Costa, Leonardo"]
[Result "0-1"]
[Termination "normal"]
[Board "5"]
[WhiteElo "1925"]
[BlackElo "2165"]
[WhiteClock "00:00:32"]
[BlackClock "00:01:13"]
[PlyCount "60"]
[WhiteFideId "16202406"]
[BlackFideId "16213955"]
[EventCountry "GER"]
[EventRounds "7"]
[EventType "swiss"]
[EventDate "2020.10.19"]

1. e4 {[%clk 1:30:50]} c6 {[%clk 1:30:55]} 2. d4 {[%clk 1:31:15]} d5 {[%clk
1:31:22]} 3. Nd2 {[%clk 1:31:39]} dxe4 {[%clk 1:31:47]} 4. Nxe4 {[%clk
1:32:03]} Nf6 {[%clk 1:32:13]} 5. Nxf6+ {[%clk 1:32:21]} exf6 {[%clk 1:32:37]}
6. c3 {[%clk 1:32:35]} Bd6 {[%clk 1:33:01]} 7. Bd3 {[%clk 1:32:26]} O-O {[%clk
1:33:24]} 8. Qc2 {[%clk 1:32:53]} Re8+ {[%clk 1:33:49]} 9. Ne2 {[%clk 1:33:15]}
h5 {[%clk 1:34:14]} 10. O-O {[%clk 1:31:59]} h4 {[%clk 1:34:15]} 11. Bf4 {[%clk
1:25:11]} h3 {[%clk 0:48:38]} 12. Bxd6 {[%clk 1:19:46]} Qxd6 {[%clk 0:43:20]}
13. Ng3 {[%clk 1:17:59]} Na6 {[%clk 0:40:59]} 14. Rfe1 {[%clk 1:03:38]} Be6
{[%clk 0:34:14]} 15. Re3 {[%clk 0:53:51]} hxg2 {[%clk 0:28:08]} 16. Qe2 {[%clk
0:37:21]} g6 {[%clk 0:20:57]} 17. Re1 {[%clk 0:33:44]} Nc7 {[%clk 0:18:06]} 18.
Ne4 {[%clk 0:19:11]} Qe7 {[%clk 0:16:04]} 19. Nc5 {[%clk 0:16:56]} Nd5 {[%clk
0:12:39]} 20. Re4 {[%clk 0:07:33]} f5 {[%clk 0:11:56]} 21. Re5 {[%clk 0:07:43]}
Nf4 {[%clk 0:04:27]} 22. Qe3 {[%clk 0:04:23]} Qh4 {[%clk 0:02:12]} 23. Nxe6
{[%clk 0:02:52]} Rxe6 {[%clk 0:02:16]} 24. Rxe6 {[%clk 0:03:00]} Nxe6 {[%clk
0:02:44]} 25. Bc4 {[%clk 0:01:36]} Ng5 {[%clk 0:02:33]} 26. Kxg2 {[%clk
0:01:31]} f4 27. Qd3 {[%clk 0:00:38]} Qg4+ {[%clk 0:00:42]} 28. Kh1 {[%clk
0:00:54]} Nh3 {[%clk 0:00:50]} 29. Qe2 {[%clk 0:00:31]} f3 {[%clk 0:01:07]} 30.
Bxf7+ {[%clk 0:00:32]} Kxf7 {[%clk 0:01:13]} 0-1

[Event "DEM U14 2020"]
[Site "Willingen GER"]
[Date "2020.10.24"]
[Round "7"]
[White "Huo, Da"]
[Black "Farokhi, Keyvan"]
[Result "0-1"]
[Termination "normal"]
[Board "6"]
[WhiteElo "1868"]
[BlackElo "2001"]
[WhiteClock "00:01:43"]
[BlackClock "00:07:32"]
[PlyCount "120"]
[WhiteFideId "16221206"]
[BlackFideId "12998630"]
[EventCountry "GER"]
[EventRounds "7"]
[EventType "swiss"]
[EventDate "2020.10.19"]

1. e4 {[%clk 1:30:57]} c6 {[%clk 1:30:29]} 2. Nc3 {[%clk 1:30:53]} d5 {[%clk
1:30:47]} 3. Nf3 {[%clk 1:28:16]} Bg4 {[%clk 1:31:01]} 4. h3 {[%clk 1:28:43]}
Bxf3 {[%clk 1:31:18]} 5. Qxf3 {[%clk 1:29:06]} e6 {[%clk 1:31:37]} 6. exd5
{[%clk 1:26:47]} cxd5 {[%clk 1:30:44]} 7. Bb5+ {[%clk 1:26:01]} Nc6 {[%clk
1:30:39]} 8. O-O {[%clk 1:25:49]} Nf6 {[%clk 1:28:32]} 9. d4 {[%clk 1:20:44]}
Be7 {[%clk 1:28:19]} 10. Rd1 {[%clk 1:08:14]} O-O {[%clk 1:23:02]} 11. Ne2
{[%clk 0:59:50]} a6 {[%clk 1:18:53]} 12. Bd3 {[%clk 0:58:18]} Nb4 {[%clk
1:17:42]} 13. c3 {[%clk 0:58:33]} Nxd3 {[%clk 1:18:04]} 14. Qxd3 {[%clk
0:58:58]} b5 {[%clk 1:15:53]} 15. Bf4 {[%clk 0:56:17]} Qb6 {[%clk 1:14:54]} 16.
g4 {[%clk 0:44:12]} b4 {[%clk 0:56:04]} 17. Kg2 {[%clk 0:41:44]} bxc3 {[%clk
0:51:07]} 18. bxc3 {[%clk 0:41:16]} Rfc8 {[%clk 0:50:50]} 19. f3 {[%clk
0:40:49]} Nd7 {[%clk 0:42:36]} 20. Rdb1 {[%clk 0:39:39]} Qc6 {[%clk 0:42:54]}
21. Rb3 {[%clk 0:38:07]} Nb6 {[%clk 0:34:13]} 22. Rab1 {[%clk 0:30:51]} Nc4
{[%clk 0:34:31]} 23. Rb7 {[%clk 0:27:29]} Bd8 {[%clk 0:33:38]} 24. R7b3 {[%clk
0:23:02]} Qa4 {[%clk 0:31:29]} 25. Nc1 {[%clk 0:16:19]} Bc7 {[%clk 0:25:08]}
26. Bxc7 {[%clk 0:13:58]} Rxc7 {[%clk 0:25:25]} 27. Kg3 {[%clk 0:12:19]} Rac8
{[%clk 0:25:07]} 28. Rb4 {[%clk 0:09:17]} Qa3 {[%clk 0:21:25]} 29. R4b3 {[%clk
0:07:16]} Qd6+ {[%clk 0:21:43]} 30. Kg2 {[%clk 0:06:49]} Qc6 {[%clk 0:11:18]}
31. Ne2 {[%clk 0:05:58]} Qa4 {[%clk 0:11:37]} 32. Nc1 {[%clk 0:05:46]} Qa5
{[%clk 0:11:22]} 33. Rb4 {[%clk 0:04:43]} Nd6 {[%clk 0:10:39]} 34. R1b3 {[%clk
0:01:48]} Nb5 {[%clk 0:09:31]} 35. Qd2 {[%clk 0:00:54]} Nxc3 {[%clk 0:04:48]}
36. Rb8 {[%clk 0:01:03]} h6 {[%clk 0:04:46]} 37. a3 {[%clk 0:00:40]} Rxb8
{[%clk 0:03:03]} 38. Rxb8+ {[%clk 0:01:09]} Kh7 {[%clk 0:03:32]} 39. Rb3 {[%clk
0:01:25]} e5 {[%clk 0:03:46]} 40. dxe5 {[%clk 0:01:07]} Qc5 {[%clk 0:03:34]}
41. Nd3 {[%clk 0:24:54]} Qd4 {[%clk 0:29:09]} 42. Qc2 {[%clk 0:19:08]} Nb5
{[%clk 0:28:07]} 43. Qb1 {[%clk 0:18:24]} g6 {[%clk 0:27:53]} 44. h4 {[%clk
0:12:32]} Qe3 {[%clk 0:26:28]} 45. Nf2 {[%clk 0:04:00]} Qxe5 {[%clk 0:23:30]}
46. h5 {[%clk 0:04:19]} d4 {[%clk 0:12:36]} 47. hxg6+ {[%clk 0:04:36]} fxg6
{[%clk 0:13:05]} 48. a4 {[%clk 0:04:24]} Nc3 {[%clk 0:13:24]} 49. Qd3 {[%clk
0:04:18]} Nd5 {[%clk 0:10:57]} 50. Qe4 {[%clk 0:03:09]} Nf4+ {[%clk 0:09:56]}
51. Kh2 {[%clk 0:03:19]} Qd6 {[%clk 0:08:27]} 52. Rb1 {[%clk 0:02:27]} Ne2+
{[%clk 0:07:07]} 53. Kg2 {[%clk 0:02:42]} Nc3 {[%clk 0:07:28]} 54. Qd3 {[%clk
0:02:53]} Nxb1 {[%clk 0:07:50]} 55. Qxb1 {[%clk 0:03:22]} Qc6 {[%clk 0:07:27]}
56. Qb8 {[%clk 0:02:59]} Rf7 {[%clk 0:07:12]} 57. Ne4 {[%clk 0:01:30]} Qc2+
{[%clk 0:06:29]} 58. Kg3 {[%clk 0:01:03]} Qc7+ {[%clk 0:06:48]} 59. Qxc7 {[%clk
0:01:18]} Rxc7 {[%clk 0:07:17]} 60. Nf6+ {[%clk 0:01:43]} Kh8 {[%clk 0:07:32]}
0-1

[Event "DEM U14 2020"]
[Site "Willingen GER"]
[Date "2020.10.24"]
[Round "7"]
[White "Hommer, Jeremy"]
[Black "Stork, Christopher"]
[Result "1-0"]
[Termination "normal"]
[Board "7"]
[WhiteElo "2246"]
[BlackElo "1869"]
[WhiteClock "00:22:46"]
[BlackClock "00:22:45"]
[PlyCount "97"]
[WhiteFideId "12992577"]
[BlackFideId "16215400"]
[EventCountry "GER"]
[EventRounds "7"]
[EventType "swiss"]
[EventDate "2020.10.19"]

1. g3 {[%clk 1:30:54]} Nf6 {[%clk 1:30:40]} 2. Bg2 {[%clk 1:31:16]} g6 {[%clk
1:30:15]} 3. e4 {[%clk 1:31:41]} d6 {[%clk 1:29:53]} 4. d4 {[%clk 1:30:41]} Bg7
{[%clk 1:28:45]} 5. Ne2 {[%clk 1:30:59]} O-O {[%clk 1:28:38]} 6. O-O {[%clk
1:30:50]} c6 {[%clk 1:27:32]} 7. a4 {[%clk 1:30:16]} a5 {[%clk 1:25:38]} 8.
Nbc3 {[%clk 1:26:28]} e5 {[%clk 1:23:26]} 9. h3 {[%clk 1:21:10]} Nbd7 {[%clk
1:21:33]} 10. Be3 {[%clk 1:09:56]} Qe7 {[%clk 1:18:09]} 11. Qd2 {[%clk
1:04:51]} Re8 {[%clk 1:10:45]} 12. Rad1 {[%clk 0:55:32]} Nf8 {[%clk 1:00:47]}
13. d5 {[%clk 0:52:04]} cxd5 {[%clk 0:52:10]} 14. Nxd5 {[%clk 0:50:02]} Nxd5
{[%clk 0:51:24]} 15. Qxd5 {[%clk 0:48:08]} Ra6 {[%clk 0:50:50]} 16. Nc3 {[%clk
0:44:53]} Be6 {[%clk 0:47:51]} 17. Qd2 {[%clk 0:42:01]} Rc8 {[%clk 0:43:58]}
18. Nb5 {[%clk 0:38:52]} Bc4 19. Nxd6 {[%clk 0:34:44]} Rxd6 {[%clk 0:32:58]}
20. Qxd6 {[%clk 0:35:09]} Qxd6 {[%clk 0:33:25]} 21. Rxd6 {[%clk 0:35:35]} Bxf1
{[%clk 0:33:47]} 22. Bxf1 {[%clk 0:35:44]} Rxc2 {[%clk 0:33:08]} 23. Rb6 {[%clk
0:36:04]} Ne6 {[%clk 0:32:45]} 24. Rxb7 {[%clk 0:34:35]} Bf8 {[%clk 0:22:39]}
25. b3 {[%clk 0:28:52]} Nc5 {[%clk 0:15:45]} 26. Rc7 {[%clk 0:28:30]} Rc3
{[%clk 0:10:10]} 27. Bc4 {[%clk 0:15:37]} Nxe4 28. Bxf7+ Kh8 {[%clk 0:09:09]}
29. Rxc3 {[%clk 0:12:52]} Nxc3 {[%clk 0:09:34]} 30. Bd2 {[%clk 0:13:05]} Bb4
{[%clk 0:09:36]} 31. Bh6 {[%clk 0:13:27]} Ne4 {[%clk 0:09:21]} 32. Bd5 {[%clk
0:08:15]} Nf6 {[%clk 0:08:34]} 33. Bc4 {[%clk 0:07:30]} Ne4 {[%clk 0:08:04]}
34. Kg2 {[%clk 0:06:55]} Nd6 {[%clk 0:04:45]} 35. g4 {[%clk 0:05:41]} Ne4
{[%clk 0:02:58]} 36. Kf3 {[%clk 0:05:53]} Nf6 {[%clk 0:02:41]} 37. Ke2 {[%clk
0:04:43]} Ne4 {[%clk 0:02:17]} 38. f3 {[%clk 0:04:55]} Nf6 {[%clk 0:02:12]} 39.
Kd3 Nd7 {[%clk 0:01:19]} 40. Ke4 {[%clk 0:03:46]} Bc3 {[%clk 0:01:30]} 41. Kd3
{[%clk 0:00:52]} Bd4 42. Bd2 {[%clk 0:27:03]} Bb6 {[%clk 0:27:35]} 43. Ke4
{[%clk 0:27:04]} Kg7 44. Kd5 {[%clk 0:26:23]} Bd4 {[%clk 0:22:13]} 45. Bxa5
{[%clk 0:25:04]} Nf6+ {[%clk 0:22:17]} 46. Ke6 {[%clk 0:25:12]} h5 {[%clk
0:22:31]} 47. Bd8 {[%clk 0:23:33]} Nh7 {[%clk 0:22:45]} 48. a5 {[%clk 0:23:05]}
hxg4 49. hxg4 {[%clk 0:22:46]} 1-0

[Event "DEM U14 2020"]
[Site "Willingen GER"]
[Date "2020.10.24"]
[Round "7"]
[White "Schubert, Nikita"]
[Black "Haack, Kevin"]
[Result "1/2-1/2"]
[Termination "normal"]
[Board "8"]
[WhiteElo "1946"]
[BlackElo "2209"]
[WhiteClock "00:21:31"]
[BlackClock "00:05:57"]
[PlyCount "86"]
[WhiteFideId "16212339"]
[BlackFideId "16228715"]
[EventCountry "GER"]
[EventRounds "7"]
[EventType "swiss"]
[EventDate "2020.10.19"]

1. d4 {[%clk 1:30:53]} d5 {[%clk 1:30:54]} 2. c4 {[%clk 1:31:14]} e6 {[%clk
1:31:18]} 3. Nf3 {[%clk 1:31:35]} Nf6 {[%clk 1:31:25]} 4. g3 {[%clk 1:31:56]}
Bb4+ {[%clk 1:31:47]} 5. Bd2 {[%clk 1:32:03]} Be7 {[%clk 1:32:11]} 6. Bg2
{[%clk 1:31:55]} O-O {[%clk 1:32:22]} 7. O-O {[%clk 1:31:52]} Nbd7 {[%clk
1:32:08]} 8. Qc2 {[%clk 1:31:22]} Ne4 {[%clk 1:32:25]} 9. Nc3 {[%clk 1:17:32]}
Nxd2 {[%clk 1:32:46]} 10. Nxd2 {[%clk 1:16:54]} c6 {[%clk 1:33:10]} 11. e4
{[%clk 1:10:02]} dxc4 {[%clk 1:33:15]} 12. Nxc4 {[%clk 1:07:16]} Nb6 {[%clk
1:33:39]} 13. Nxb6 {[%clk 1:03:21]} Qxb6 {[%clk 1:33:30]} 14. Rfd1 {[%clk
1:03:29]} e5 {[%clk 1:32:09]} 15. Na4 {[%clk 0:45:30]} Qc7 {[%clk 1:23:28]} 16.
dxe5 {[%clk 0:37:35]} Qxe5 {[%clk 1:21:31]} 17. Kh1 {[%clk 0:37:43]} Qc7 {[%clk
1:17:34]} 18. Rd2 {[%clk 0:33:38]} Rd8 {[%clk 1:06:06]} 19. Rxd8+ {[%clk
0:32:06]} Qxd8 {[%clk 1:05:02]} 20. Rd1 {[%clk 0:32:01]} Qa5 {[%clk 1:04:18]}
21. a3 {[%clk 0:29:10]} Bg4 {[%clk 1:00:45]} 22. f3 {[%clk 0:24:53]} Be6 {[%clk
1:00:24]} 23. Bf1 {[%clk 0:21:37]} Rd8 {[%clk 0:51:47]} 24. b4 {[%clk 0:19:55]}
Qc7 {[%clk 0:50:33]} 25. Rd3 {[%clk 0:16:13]} Rxd3 {[%clk 0:45:28]} 26. Qxd3
{[%clk 0:13:49]} Qd7 {[%clk 0:42:57]} 27. Kg2 {[%clk 0:11:38]} Kf8 {[%clk
0:41:28]} 28. Kf2 {[%clk 0:10:36]} b6 {[%clk 0:36:37]} 29. Ke3 {[%clk 0:04:27]}
Ke8 {[%clk 0:27:55]} 30. f4 {[%clk 0:04:20]} Qxd3+ {[%clk 0:23:24]} 31. Bxd3
{[%clk 0:04:34]} Bb3 {[%clk 0:23:07]} 32. Nb2 {[%clk 0:03:07]} b5 {[%clk
0:18:02]} 33. Kd2 {[%clk 0:02:55]} Bd8 {[%clk 0:09:58]} 34. Bc2 {[%clk
0:01:34]} Be6 {[%clk 0:08:37]} 35. Nd3 {[%clk 0:01:14]} Bb6 {[%clk 0:08:03]}
36. Nc5 {[%clk 0:00:52]} Bxc5 {[%clk 0:04:05]} 37. bxc5 {[%clk 0:01:21]} a5
{[%clk 0:04:03]} 38. Kc3 {[%clk 0:01:24]} Ke7 {[%clk 0:03:49]} 39. Kd4 {[%clk
0:01:13]} f6 {[%clk 0:03:24]} 40. Bd1 {[%clk 0:01:12]} Ba2 {[%clk 0:02:04]} 41.
Bc2 {[%clk 0:28:13]} Ke6 {[%clk 0:30:37]} 42. Bd1 {[%clk 0:27:01]} g6 {[%clk
0:29:51]} 43. Bc2 {[%clk 0:21:31]} Ke7 {[%clk 0:05:57]} 1/2-1/2